| 000 | 00518nam a2200157Ia 4500 | ||
|---|---|---|---|
| 008 | 140910s9999 xx 000 0 und d | ||
| 020 | _a9789719706748 | ||
| 050 |
_aKF 4219 _b.Es82 2013 |
||
| 100 | _aEstrada, Joseph Noel M. | ||
| 245 |
_aK to 12 : _bR.A. 10533 and relevant education policies / _cJoseph Noel M. Estrada, Kristjan Vicente T. Gargantiel. |
||
| 260 |
_aQuezon City, Philippines : _bVibal Group, _cc2013. |
||
| 300 |
_a241 pages : _c24 cm. |
||
| 650 | _aEducation. | ||
| 650 | _aPolicies. | ||
| 942 | _cBK | ||
| 999 |
_c275475 _d275475 |
||